000 00681nam a2200241Ia 4500
003 OSt
005 20220928112723.0
006 a|||||r|||| 00| 0
007 ta
008 220927b |||||||| |||| 00| 0 eng d
024 _a31202
037 _cTextual
040 _aSDCL
_cSDCL
_beng
041 _2eng
_aeng
082 _aG9M:66, N8
100 _aPage Roderic D M
_9429426
245 0 _aMolecular evolution
_b A phylogenetic approach.
260 _aOxford
_bBlackwell Science
_c1998
300 _av,346p
_ccm.
700 _a Holmes Edward C
_9429427
942 _hG9M:66, N8
_cTEXL
_2CC
999 _c745951
_d745951